000 00540 a2200169 4500
020 _a1580538908
040 _aDLC
_bDLC
082 0 0 _a621.38456
245 1 0 _aSMS and MMS interworking in mobile networks
_cArnaud Henry. Vincent Jonack.
260 _aBoston :
_bArtech House,
_cc2004.
300 _axvi, 330 p. :
_bill. ;
_c26 cm.
440 0 _aArtech House mobile communications series
650 0 _aMobile communication systems.
650 0 _aInternetworking (Telecommunication)
700 1 _aJonack, Vincent.
942 _cBK
_k621.38456
_2ddc
999 _c8401
_d8401